000
00339nam a2200133Ia 4500
008
231129s9999||||xx |||||||||||||| ||spa||
020
_a
84-7530-402-8
040
_b
spa
082
_a
194 T264f
100
_a
Teilhard de Chardin
245
0
_a
El fenomeno humano
264
_a
Orbis
942
_2
ddc
_c
BKS
999
_c
11081
_d
11081